'W' in Africa Quiz Stats

 Plays Quiz Updated Jul 2, 2018

Score 0/5 Timer 00:30
3 Plays Today
% Correct
Rwanda
64.6%
Zimbabwe
64.4%
eSwatini
59.1%
Malawi
57.8%
Botswana
47%

You're not logged in!

Compare scores with friends on all Sporcle quizzes.
OR
Log In

Show Comments

Extras

Top Quizzes Today


Score Distribution

Your Account Isn't Verified!

In order to create a playlist on Sporcle, you need to verify the email address you used during registration. Go to your Sporcle Settings to finish the process.

Report this User

Report this user for behavior that violates our Community Guidelines.

Details: